| 000 | 01408nam a2200361 c 4500 | ||
|---|---|---|---|
| 003 | BLK | ||
| 005 | 20180422102020.0 | ||
| 008 | 180408b bul|||||r ||||||| ||bul|| | ||
| 010 | _aKNG00060612000 | ||
| 040 | _aBLK | ||
| 041 |
_aBUL _cBUL |
||
| 080 |
_aОсновни проблеми на демографията _b314.1 _x(075.9) _z314.1(075.9) |
||
| 080 |
_aГеография на населените места _b911.37 _x(075.9) _z911.37(075.9) |
||
| 100 | 1 |
_aДеведжиев, Марин Станчев _eпърви автор _9366415 |
|
| 139 |
_aДеведжиев, Марин Станчев _bД 32 |
||
| 245 | 1 | 0 |
_aГеодемография _bЗа специализантите от СУ Климент Охридски _cМарин Станчев Деведжиев. |
| 257 | _aBGR | ||
| 260 |
_аСофия _bУнив. изд. Св. Климент Охридски _c1989 |
||
| 300 |
_a235 с. _c22 см |
||
| 380 | _a3 | ||
| 650 | 4 |
_aДемография _9152968 |
|
| 650 | 4 |
_aГеография - на населението _9266079 |
|
| 653 | _aдемография | ||
| 653 | _aгеография | ||
| 653 | _aнаселение | ||
| 653 | _aселища | ||
| 653 | _aгеодемография | ||
| 852 | _aЦб 160207 | ||
| 856 | 4 |
_qpdf _u |
|
| 856 | 4 |
_qpdf _u |
|
| 942 |
_cKNG _n0 |
||
| 944 |
_aCR _c13.06.2004 _kГрета_Цуфелде |
||
| 944 |
_aED _c13.07.2017 _kМикаела_Микова-Илиев |
||
| 999 |
_c56630 _d56630 |
||